Quiz do Paraguai - Statistics

Estatísticas Gerais
  • Esse quiz foi jogado 2 906 vezes
  • A pontuação média é 11 de 17
Estatísticas das Respostas
Dica Resposta % Correto
Países fronteiriços Brasil
99%
Línguas oficiais Espanhol
99%
Países fronteiriços Argentina
98%
Países fronteiriços Bolívia
97%
Capital e maior cidade Assunção
94%
A acima está próxima desta catarata Iguaçu
76%
Línguas oficiais Guarani
71%
Outro nome para a Guerra do Paraguai, onde o Paraguai perdeu um terço do seu território, e grande parte da população masculina Guerra da {Tríplice} Aliança
70%
Grão que corresponde à 39% das exportações do Paraguai Soja
70%
Segunda maior cidade Ciudad del {Este}
64%
Maior roedor do mundo Capivara
59%
O Paraguai tem 2,01 desses animais por pessoa, uma proporção maior do que qualquer outro país, exceto Uruguai e Nova Zelândia Gado
57%
Rio que onde o rio Paraguai desagua Paraná
55%
Bebida popular sul-americana semelhante ao Tereré no Paraguai Erva-mate
37%
95% da população paraguaia fazem parte deste grupo étnico, uma mistura entre espanhol e ameríndio Mestiço
25%
Nome para a metade noroeste do Paraguai Chaco
24%
O Paraguai é o segundo maior produtor desta planta nativa S{tevia}
5%
Nenhum quiz correspondente encontrado
Distribuição das Pontuações
Porcentagem de Pessoas com Cada Pontuação
Percentil de Números Respondidos
Sua Pontuação Histórica
Você não jogou esse quiz